000
00284nam a22001217a 4500
020
_a
0-02-473170-6
082
_a
512.904 ASH'P
100
_a
ASHLEY, JOHN P
_9
67739
245
_a
PRINCIPLES OF INTERMEDIATE ALGEBRA
260
_a
LONDON
_b
COLLIER
_c
1977
300
_a
438P
942
_c
BK
999
_c
575447
_d
575447